Политология (Запис номер 56120)
[ съкратено ]
| 000 -Лидер | |
|---|---|
| Контролно поле с фиксирана дължина | nam a22 a 4500 |
| 003 - Код на организацията, давaща контролен номер | |
| Контролно поле | BLK |
| 005 - Дата и час на последна редакция | |
| Контролно поле | 20230421165346.0 |
| 008 - Елементи от данни с фиксирана дължина | |
| fixed length control field | 180408b bul|||||r ||||||| ||bul|| |
| 010 ## - Наследен системен номер | |
| LC control number | KNG00060097000 |
| 040 ## - Източник на каталожния запис | |
| Идентификатор на билиотеката - собственик на записа | BLK |
| 041 ## - Код за език | |
| Код за езика на текст/звукозапис или на отделно заглавие | Български |
| Код за езика КДБФ | Български |
| 080 ## - УДК | |
| Текстов определител УДК | Политическа теория. Политическа идеология. Политология |
| УДК код - определител по УДК | 32.01 |
| УДК - код + определител | 32.01 |
| 100 1# - Редна дума - Автор | |
| Автор | Семов, Минчо |
| Авторска отговорност | първи автор |
| Автор - информация (биография) | Генчев, Минчо Семов |
| R(LIN) | 367911 |
| 139 ## - Редно поле | |
| Редна дума | Семов, Минчо |
| Авторски знак | Сем - С 32 |
| 245 10 - Сведения за заглавието | |
| Заглавие | Политология |
| Подзаглавни данни | Изследване |
| Редно поле (дума) | Минчо Семов; * Минчо Семов Генчев. |
| 257 ## - Страна на издаване | |
| Страна на създаване/издаване | България |
| 260 ## - Област на издателските данни | |
| Място на издаване, разпространение и проч. | София |
| Име на издателя, разпространителя и проч. | Унив. изд. Св. Климент Охридски |
| Година на издаване | 1993 |
| 300 ## - Физическа характеристика | |
| Страници | 238 с. |
| Размери/Мащаб | 20 см |
| 380 ## - Жанр | |
| Жанр | Обществени науки |
| 500 ## - Общи забележки | |
| Забележка | Пълното име на първия авт. е Минчо Семов Генчев. - Библиогр. с. 234-237. |
| 650 #4 - Допълнително описание по предмет – тема | |
| Основно описание – тема или топоним | Политология |
| 9 (RLIN) | 166973 |
| 653 ## - Ключова дума – ненормативна | |
| Ключова дума | политология |
| 700 1# - Други автори (авторска отговорност) | |
| Лично име | Генчев, Минчо Семов |
| Автороска отговорност (Описва отношението между автора и произведението) | * |
| 9 (RLIN) | 286643 |
| 852 ## - Местоположение | |
| Форматна сигнатура | Цб 173132 |
| Фондова буква | Хранилище |
| 856 4# - Електронен адрес и достъп | |
| Електронен формат | pdf - файл |
| Инструкция (цена за достъп) | 0.00 |
| Права за достъп | disable |
| 856 4# - Електронен адрес и достъп | |
| Електронен формат | pdf - файл |
| Инструкция (цена за достъп) | 0.00 |
| Права за достъп | disable |
| 999 ## - СИСТЕМНИ КОНТРОЛНИ НОМЕРА | |
| Koha biblionumber | 56120 |
| Koha biblioitemnumber | 56120 |
| 942 ## - АРТИКУЛИ | |
| Вид на библиотечния материал | Книги |
| Скрит в OPAC | Не |
| Периодичен библиозапис | Да |
| Koha issues (borrowed), all copies | 1 |
| 944 ## - СЪЗДАВАНЕ И РЕДАКЦИЯ на ЗАПИСА | |
| Създаване/Редакция | Създаване |
| Дата на регистрацията/редакция | 13.06.2004 |
| Статус, дата на статуса | ф / |
| Служител, извършил регистрацията/редакцията | Людмила_Стоянова |
| 944 ## - СЪЗДАВАНЕ И РЕДАКЦИЯ на ЗАПИСА | |
| Създаване/Редакция | Редакция |
| Дата на регистрацията/редакция | 03.07.2014 |
| Статус, дата на статуса | ф / |
| 999 ## - СИСТЕМНИ КОНТРОЛНИ НОМЕРА | |
| Koha biblioitemnumber | 56120 |
| Код за отписване | Код за изгубен артикул | Източник на класификационната схема | Код за повреда | Коз за рестрикции | Код за отдаване | Артикулен № | Име на библиотеката - собственик | Име на библиотеката, в която се намира в момента | Статус (Текущо местоположение) | Дата на вписване в системата | Местоположение - отдел | Цена в лева | Инвентарен номер | Систематично азбучна сигнатура | Баркод | Номер на екземпляра | Цена в евро | Служебна бележка | Служебен тип на артикула |
|---|---|---|---|---|---|---|---|---|---|---|---|---|---|---|---|---|---|---|---|
| Не е изгубен | Universal Decimal Classification | Не е повреден | без рестрикции | ползва се в читалня | 88405 | Регионална библиотека "Любен Каравелов" Русе | Регионална библиотека "Любен Каравелов" Русе | Читалня | 1993-01-01 | Читалня | 1.58 | 586651 | Ч 32/С 32 | 120000586651 | 1 | 0.81 | Дост: Pk Вид: Ф N: стар фонд Дата: 01.01.1993 Дата инв: 22.03.2017 Бележки инв: Ч2017 | Книги | |
| Не е изгубен | Не е повреден | без рестрикции | заемане за дома | 88406 | Регионална библиотека "Любен Каравелов" Русе | Регионална библиотека "Любен Каравелов" Русе | Заемна - подръчен фонд | 2014-02-07 | Заемна - подръчен фонд | 9.00 | 120000774256 | П 32/С 32 | 120000774256 | 2 | 4.60 | Дост: DA Вид: А N: 3 Дата: 07.02.2014 Дата инв: 02.02.2018 Бележки инв: П2018 | Книги | ||
| Не е изгубен | Universal Decimal Classification | Не е повреден | без рестрикции | ползва се в читалня | 88407 | Регионална библиотека "Любен Каравелов" Русе | Регионална библиотека "Любен Каравелов" Русе | Хранилище | 1993-01-01 | Хранилище | 1.58 | 579948 | Цб 173132 | 120000579948 | 3 | 0.81 | N: стар фонд Дата: 01.01.1993 | Книги | |
| Изтеглен | Не е изгубен | Universal Decimal Classification | Не е повреден | без рестрикции | заемане за дома | 88408 | Регионална библиотека "Любен Каравелов" Русе | Регионална библиотека "Любен Каравелов" Русе | Заемна - подръчен фонд | 1993-01-01 | Заемна - подръчен фонд | 1.20 | 606469 | П 32/С 32 | 606469 | 4 | 0.61 | N: стар фонд Дата: 01.01.1993 Дата инв: 02.02.2018 Бележки инв: П2018 | Книги |